El presupuesto de la Villa de Madrid (Record no. 34079)

MARC details
000 -LEADER
campo de control de longitud fija 00523nam a2200157 i 4500
001 - NÚMERO DE CONTROL
campo de control 34079
003 - IDENTIFICADOR DE NÚMERO DE CONTROL
campo de control ES-MaACL
005 - FECHA Y HORA DE LA ÚLTIMA TRANSACCIÓN
campo de control 20230906154855.0
007 - CAMPO FIJO DE DESCRIPCIÓN FÍSICA--INFORMACIÓN GENERAL
campo de control de longitud fija t|
008 - DATOS DE LONGITUD FIJA--INFORMACIÓN GENERAL
campo de control de longitud fija 030204s1906 sp ||||1| spa d
100 1# - ENTRADA PRINCIPAL--NOMBRE DE PERSONA
Nombre de persona Blanco y Martínez, Emilio.
9 (RLIN) 29309
245 13 - MENCIÓN DEL TÍTULO
Título El presupuesto de la Villa de Madrid
Resto del título : bases para la reorganización de su Hacienda y mejora de los servicios municipales /
Mención de responsabilidad, etc. Emilio Blanco y Martínez.
260 ## - PUBLICACIÓN, DISTRIBUCIÓN, ETC.
Lugar de publicación, distribución, etc. Madrid :
Nombre del editor, distribuidor, etc. [s.n.,
Fecha de publicación, distribución, etc. 1906]
300 ## - DESCRIPCIÓN FÍSICA
Extensión 71 p. ;
Dimensiones 23 cm.
852 ## - LOCALIZACIÓN
Ubicación ES-MaACL
Número de control de estantería T-1150-F
Holdings
Estatus retirado Estado de pérdida Estado de daño No para préstamo Colección Biblioteca de origen Biblioteca actual Ubicación en estantería Fecha de adquisición Fuente de adquisición Total de préstamos Signatura topográfica completa Código de barras Visto por última vez Precio de reemplazo Tipo de ítem Koha
        Colección de folletos Biblioteca del Ateneo de Madrid Biblioteca del Ateneo de Madrid Depósito folletos 17/01/2008     T-1150-F 1035527 23/02/2023 23/02/2023 Folleto